000 00250 a2200097 4500
020 _a9789364871563
100 _aAmartya Sen, Jitheesh P. M., tr.
245 _aJagathkudeeram(ജഗത്കുടീരം)
260 _bD C books
_c2025
942 _cOO
999 _c115347
_d115346